000 00588nam a22001815i 4500
001 172372
003 ES-MaACL
005 20250818042933.0
008 090629s1883 sp a |||| | spa d
040 _aCAM
_bspa
_cCAM
100 1 _aMonti, José Genaro.
_9130111
245 1 3 _aEl último tránsito de Vénus por el disco del sol en el siglo XIX /
_cpor José Genaro Monti.
260 _aMadrid :
_b[s.n.],
_c1883 (
_fImp. de Enrique Teodoro)
300 _a216 p. :
_bil. ;
_c20 cm.
651 7 _aVenus (Planeta)
_2
_9140884
852 _aES-MaACL
_jT-574-F-2
999 _c172372
_d172372